000 00918nam a2200229 4500
001 127086
003 ES-MaACL
005 20250402185851.0
007 t|
008 070214s1949 mx r ||||1| spa d
100 1 _aReyes, Alfonso,
_d1889-1959
_996554
245 1 0 _aJunta de sombras
_b: estudios helénicos /
_cAlfonso Reyes.
260 _aMéxico :
_bColegio Nacional,
_c1949.
300 _a394 p. :
_bil. ;
_c24 cm.
650 7 _9158248
_aFilosofía-
_vHistoria
852 _aES-MaACL
_jD-6521
_bR.30414
_bR.M.6112
_9131752
_cSVI
_fSello en tinta azul de la Biblioteca del Ateneo de Madrid
_gAnotación manuscrita en cubierta: "3"
_zEn cubierta: "11.DIC.1950"
852 _aES-MaACL
_jC-18228
_bR.46596
942 _2udc
_cMONOGRAFIA
999 _c127086
_d127086